[Event "FIDE Open World Blitz 2021"]
[Site "Warsaw"]
[Date "2021.12.29"]
[Round "12.26"]
[White "Hovhannisyan, Robert"]
[Black "Faizrakhmanov, Ramil"]
[Result "0-1"]
[WhiteElo "2622"]
[BlackElo "2396"]
[Annotator "ChessBase"]
[PlyCount "114"]
[EventDate "2021.12.29"]
[EventType "swiss"]
[EventCountry "POL"]
[Tiebreak "Cut1 Buchholz"]
[SourceTitle "playchess.com"]
[Source "ChessBase"]
[SourceQuality "1"]

1. e4 c6 2. d4 d5 3. e5 Bf5 4. Nf3 e6 5. Be2 Nd7 6. O-O a6 7. a4 h6 8. a5 c5 9.
c4 Ne7 10. Nc3 cxd4 11. Nxd4 dxc4 12. Qa4 Nc6 13. Nxf5 exf5 14. e6 fxe6 15.
Bh5+ Ke7 16. Re1 Nc5 17. Qxc4 Qd4 18. Qe2 Qd3 19. Be3 Qxe2 20. Rxe2 Kf6 21. Rd1
Be7 22. Bxc5 Bxc5 23. Rd7 g6 24. Bxg6 Rhd8 25. Rxb7 Nd4 26. Bh5 Nxe2+ 27. Bxe2
Rab8 28. Rxb8 Rxb8 29. Na4 Bb4 30. Bxa6 Bxa5 31. Bc4 Rd8 32. g3 Bb4 33. b3 Rd2
34. Kg2 e5 35. Kf3 e4+ 36. Ke3 Ra2 37. g4 fxg4 38. Kxe4 Rxf2 39. Nb6 Kg5 40.
Nd5 Be1 41. b4 Rxh2 42. b5 Bf2 43. b6 Bg3 44. b7 h5 45. Ne3 Rb2 46. Bd5 h4 47.
Nc4 Rb1 48. Kd4 h3 49. Be4 Rb4 50. Kc5 Rxc4+ 51. Kxc4 Bb8 52. Kd3 Kf4 53. Bc6
Kg3 54. Bd7 h2 55. Bc6 Kf2 56. Ke4 g3 57. Kf5 g2 0-1

[Event "FIDE Open World Blitz 2021"]
[Site "Warsaw"]
[Date "2021.12.29"]
[Round "12.26"]
[White "Lubczynski, Rafal"]
[Black "Kovalev, Vladislav"]
[Result "0-1"]
[WhiteElo "2361"]
[BlackElo "2634"]
[Annotator "ChessBase"]
[PlyCount "134"]
[EventDate "2021.12.29"]
[EventType "swiss"]
[EventCountry "POL"]
[Tiebreak "Cut1 Buchholz"]
[SourceTitle "playchess.com"]
[Source "ChessBase"]
[SourceQuality "1"]

1. Nf3 Nf6 2. c4 g6 3. g3 Bg7 4. Bg2 O-O 5. O-O d6 6. d4 Nc6 7. Nc3 e5 8. d5
Nb8 9. e4 a5 10. Ne1 Na6 11. Nd3 Nd7 12. Be3 b6 13. Qd2 Ndc5 14. Nxc5 Nxc5 15.
Bg5 f6 16. Bh6 Qe7 17. Bxg7 Qxg7 18. Rae1 f5 19. Bh3 Bd7 20. exf5 Bxf5 21. Bxf5
Rxf5 22. Kg2 Raf8 23. f3 Qd7 24. Ne4 Rh5 25. h4 a4 26. g4 Nxe4 27. Rxe4 Rxh4
28. Qg5 Qd8 29. Qxd8 Rxd8 30. c5 bxc5 31. Rxa4 h5 32. Kg3 g5 33. Ra7 Rf8 34.
gxh5 Rf7 35. b4 Rxb4 36. h6 Kh7 37. Rc1 Rd4 38. a4 Rxd5 39. a5 Rd3 40. a6
Rdxf3+ 41. Kg2 Ra3 42. Rb1 e4 43. Ra8 e3 44. Rb2 Kxh6 45. a7 Kg7 46. Rb7 Re7
47. Rc8 e2 48. Rcxc7 Rxc7 49. Rxc7+ Kf6 50. Kf2 Ra2 51. Rd7 Ke6 52. Rg7 g4 53.
Rxg4 Rxa7 54. Kxe2 Kd5 55. Kd3 Ra3+ 56. Kd2 Kc6 57. Rg6 c4 58. Kc2 Kc5 59. Rg8
d5 60. Rg5 Rh3 61. Rf5 Re3 62. Rg5 Kd4 63. Kd2 c3+ 64. Kd1 Kc4 65. Rg8 Kd3 66.
Rc8 Rh3 67. Ke1 c2 0-1

[Event "FIDE Open World Blitz 2021"]
[Site "Warsaw"]
[Date "2021.12.29"]
[Round "12.27"]
[White "Petrosian, Tigran L."]
[Black "Kobalia, Mikhail"]
[Result "1/2-1/2"]
[WhiteElo "2602"]
[BlackElo "2600"]
[Annotator "ChessBase"]
[PlyCount "119"]
[EventDate "2021.12.29"]
[EventType "swiss"]
[EventCountry "POL"]
[Tiebreak "Cut1 Buchholz"]
[SourceTitle "playchess.com"]
[Source "ChessBase"]
[SourceQuality "1"]

1. Nf3 d5 2. g3 c6 3. Bg2 Bg4 4. h3 Bh5 5. d3 Nd7 6. Nbd2 e5 7. e4 Ngf6 8. O-O
Be7 9. Qe1 dxe4 10. Nxe4 O-O 11. Ned2 Re8 12. Nh4 Bc5 13. Nb3 Bb6 14. a4 a5 15.
Be3 Nd5 16. Bxb6 Qxb6 17. Qd2 Nb4 18. Rfe1 Rad8 19. Qc3 f6 20. Nf5 Nf8 21. Nd2
Nd5 22. Qb3 Qxb3 23. Nxb3 Nb4 24. Rac1 b6 25. Nd2 Bg6 26. Ne3 Ne6 27. Ndc4 Rb8
28. Be4 Red8 29. b3 Nd4 30. Bg2 Rdc8 31. Nd6 Rd8 32. Ne4 Na2 33. Ra1 Bxe4 34.
Rxa2 Bxg2 35. Kxg2 Kf7 36. Nc4 Ne6 37. Raa1 Nd4 38. Rac1 g5 39. Ne3 h5 40. Rb1
Kg6 41. b4 Ne6 42. Nc4 axb4 43. Rxb4 b5 44. Na5 Nd4 45. Rc1 bxa4 46. Rxa4 Ra8
47. Raa1 Rd5 48. c3 Rdxa5 49. Rxa5 Rxa5 50. cxd4 exd4 51. Rxc6 Ra3 52. g4 h4
53. Rd6 Rxd3 54. Rd7 Rd1 55. Kf3 d3 56. Kg2 Rd2 57. Kf3 Rd1 58. Kg2 Rd2 59. Kf3
Rd1 60. Kg2 1/2-1/2

[Event "FIDE Open World Blitz 2021"]
[Site "Warsaw"]
[Date "2021.12.29"]
[Round "12.28"]
[White "Durarbayli, Vasif"]
[Black "Asadli, Vugar"]
[Result "1/2-1/2"]
[WhiteElo "2599"]
[BlackElo "2386"]
[Annotator "ChessBase"]
[PlyCount "52"]
[EventDate "2021.12.29"]
[EventType "swiss"]
[EventCountry "POL"]
[Tiebreak "Cut1 Buchholz"]
[SourceTitle "playchess.com"]
[Source "ChessBase"]
[SourceQuality "1"]

1. e4 c6 2. d4 d5 3. exd5 cxd5 4. c4 Nf6 5. Nc3 g6 6. cxd5 Nxd5 7. Bc4 Nb6 8.
Bb3 Bg7 9. Nf3 O-O 10. O-O Nc6 11. d5 Na5 12. Re1 Re8 13. Bg5 Bg4 14. h3 Nxb3
15. axb3 Bxf3 16. Qxf3 Bxc3 17. bxc3 Qxd5 18. Qxd5 Nxd5 19. c4 f6 20. cxd5 fxg5
21. Rac1 Rad8 22. Rc7 Rxd5 23. Rxb7 a5 24. Rexe7 Rxe7 25. Rxe7 Rb5 26. Ra7 h6
1/2-1/2

[Event "FIDE Open World Blitz 2021"]
[Site "Warsaw"]
[Date "2021.12.29"]
[Round "12.28"]
[White "Bellahcene, Bilel"]
[Black "Szpar, Milosz"]
[Result "1/2-1/2"]
[WhiteElo "2528"]
[BlackElo "2285"]
[Annotator "ChessBase"]
[PlyCount "163"]
[EventDate "2021.12.29"]
[EventType "swiss"]
[EventCountry "POL"]
[Tiebreak "Cut1 Buchholz"]
[SourceTitle "playchess.com"]
[Source "ChessBase"]
[SourceQuality "1"]

1. e4 c5 2. Nf3 e6 3. d4 cxd4 4. Nxd4 Nf6 5. Nc3 Nc6 6. a3 Be7 7. f4 d6 8. Be3
a6 9. Be2 Bd7 10. Qd2 Rc8 11. g4 Nxd4 12. Bxd4 e5 13. fxe5 dxe5 14. Bxe5 Nxg4
15. Bxg4 Bxg4 16. Qxd8+ Rxd8 17. Rg1 h5 18. Nd5 Bc5 19. Rg3 O-O 20. Nc3 Rfe8
21. Bxg7 f5 22. Bf6 Rd6 23. Bg5 Rg6 24. Be3 h4 25. Rxg4 Rxg4 26. Bxc5 Rg2 27.
O-O-O fxe4 28. Bd6 e3 29. Re1 Rf2 30. Nd5 Rd8 31. Ne7+ Kf7 32. Bb4 e2 33. c4
Rf1 34. Nd5 b5 35. Kd2 bxc4 36. Kxe2 Rxe1+ 37. Bxe1 Rxd5 38. Bxh4 Rb5 39. Ke3
Rxb2 40. Kd4 Rxh2 41. Be1 Ra2 42. Bb4 Rc2 43. Bc3 Ke6 44. Kxc4 Kd7 45. Kb3 Rg2
46. Bb2 Kc6 47. Bc3 Kb5 48. Bb2 Rg3+ 49. Bc3 Rf3 50. a4+ Kc5 51. a5 Kb5 52. Kc2
Kc4 53. Bd2 Rf2 54. Kc1 Kd3 55. Bb4 Rc2+ 56. Kb1 Rc6 57. Kb2 Kc4 58. Bd2 Rc5
59. Kc2 Rf5 60. Be1 Rh5 61. Bd2 Rh2 62. Kc1 Kd3 63. Bb4 Ra2 64. Kb1 Ra4 65. Be1
Re4 66. Bg3 Kc3 67. Bc7 Re1+ 68. Ka2 Re2+ 69. Ka3 Re7 70. Bd6 Rb7 71. Be5+ Kc4
72. Bf6 Rd7 73. Be5 Rd1 74. Kb2 Kb5 75. Bc3 Rf1 76. Kc2 Rf2+ 77. Kd3 Rf3+ 78.
Kd4 Rf1 79. Kd3 Ka4 80. Bd2 Rb1 81. Kc2 Rb3 82. Be1 1/2-1/2

[Event "FIDE Open World Blitz 2021"]
[Site "Warsaw"]
[Date "2021.12.29"]
[Round "12.29"]
[White "Shevchenko, Kirill"]
[Black "Volokitin, Andrei"]
[Result "1-0"]
[WhiteElo "2647"]
[BlackElo "2656"]
[Annotator "ChessBase"]
[PlyCount "55"]
[EventDate "2021.12.29"]
[EventType "swiss"]
[EventCountry "POL"]
[Tiebreak "Cut1 Buchholz"]
[SourceTitle "playchess.com"]
[Source "ChessBase"]
[SourceQuality "1"]

1. e4 c5 2. Nf3 e6 3. c3 Nf6 4. e5 Nd5 5. Bc4 d6 6. d4 cxd4 7. cxd4 Be7 8. O-O
O-O 9. Qc2 Nc6 10. Nc3 Nxc3 11. bxc3 dxe5 12. dxe5 Qc7 13. Re1 b6 14. Bd3 g6
15. h4 Bb7 16. h5 Kg7 17. Qd2 Rh8 18. h6+ Kg8 19. Qf4 Rd8 20. Be4 Na5 21. Ng5
Bxg5 22. Qxg5 Bxe4 23. Qf6 Kf8 24. Qxh8+ Ke7 25. Qf6+ Kd7 26. Qxf7+ Kc8 27.
Qxc7+ Kxc7 28. Rxe4 1-0

[Event "FIDE Open World Blitz 2021"]
[Site "Warsaw"]
[Date "2021.12.29"]
[Round "12.29"]
[White "Krasenkow, Michal"]
[Black "Samunenkov, Ihor"]
[Result "1-0"]
[WhiteElo "2576"]
[BlackElo "2348"]
[Annotator "ChessBase"]
[PlyCount "153"]
[EventDate "2021.12.29"]
[EventType "swiss"]
[EventCountry "POL"]
[Tiebreak "Cut1 Buchholz"]
[SourceTitle "playchess.com"]
[Source "ChessBase"]
[SourceQuality "1"]

1. d4 d5 2. c4 e6 3. Nc3 a6 4. cxd5 exd5 5. Bf4 Nf6 6. e3 Bd6 7. Bxd6 Qxd6 8.
Bd3 O-O 9. Nge2 Bg4 10. f3 Bh5 11. O-O c5 12. dxc5 Qxc5 13. Nd4 Bg6 14. Bxg6
hxg6 15. Qd3 Nbd7 16. Rac1 Rac8 17. Nce2 Qe7 18. Qb3 Ne5 19. Ng3 Nc4 20. Rfe1
Rfe8 21. Nf1 b5 22. a3 Qd7 23. Qb4 g5 24. b3 Ne5 25. Qd2 g4 26. Rxc8 Rxc8 27.
Ng3 gxf3 28. gxf3 g6 29. Rc1 Kg7 30. Rxc8 Qxc8 31. Kg2 Qc5 32. Nc2 Qe7 33. Qc3
Ned7 34. Nb4 Qd6 35. Qd4 a5 36. Nc2 Nc5 37. Qc3 a4 38. b4 Ne6 39. Nd4 Nxd4 40.
Qxd4 Qc6 41. e4 Qc2+ 42. Kg1 Qc1+ 43. Kg2 Qc4 44. Qxc4 dxc4 45. Ne2 Ne8 46. Nc3
Nc7 47. Kf2 Kf6 48. Ke3 Ke6 49. f4 Kd6 50. h4 Kc6 51. Kd4 Kd6 52. f5 Kd7 53.
Ke5 Ke7 54. Kf4 gxf5 55. Kxf5 Kf8 56. Ke5 Kg7 57. Kd6 Ne8+ 58. Kc6 Nf6 59. Kxb5
Kh6 60. Kxc4 Kh5 61. b5 Kxh4 62. b6 Kg4 63. b7 Nd7 64. Kb5 f5 65. exf5 Kxf5 66.
Kc6 Nb8+ 67. Kc7 Na6+ 68. Kb6 Nb8 69. Nxa4 Ke6 70. Kc7 Na6+ 71. Kc8 Kd6 72.
b8=Q+ Nxb8 73. Kxb8 Kc6 74. Nc3 Kb6 75. a4 Ka5 76. Kb7 Kb4 77. Kb6 1-0

[Event "FIDE Open World Blitz 2021"]
[Site "Warsaw"]
[Date "2021.12.29"]
[Round "12.30"]
[White "Onyshchuk, Volodymyr"]
[Black "Sadhwani, Raunak"]
[Result "1-0"]
[WhiteElo "2622"]
[BlackElo "2562"]
[Annotator "ChessBase"]
[PlyCount "125"]
[EventDate "2021.12.29"]
[EventType "swiss"]
[EventCountry "POL"]
[Tiebreak "Cut1 Buchholz"]
[SourceTitle "playchess.com"]
[Source "ChessBase"]
[SourceQuality "1"]

1. e4 e5 2. Nf3 Nc6 3. Bc4 d6 4. c3 f5 5. d3 Be7 6. b4 a6 7. Nbd2 g5 8. Qb3 Nh6
9. h3 f4 10. a4 Bf6 11. Bb2 Qe7 12. O-O-O Bd7 13. d4 Nf7 14. a5 Rf8 15. Bd5
O-O-O 16. b5 Nxa5 17. Qa2 b6 18. bxa6 c6 19. Nc4 Nxc4 20. Bxc4 Kc7 21. Ba3 c5
22. Bd5 Bc6 23. Bxc6 Kxc6 24. Qd5+ Kd7 25. dxc5 bxc5 26. Bxc5 Rc8 27. Bb4 Rc6
28. Kd2 Qe6 29. Ra1 Qxd5+ 30. exd5 Rc7 31. Kd3 Ra8 32. Ra3 h5 33. Nd2 Rca7 34.
Rha1 g4 35. hxg4 hxg4 36. Nc4 Bd8 37. Ke4 Bc7 38. Nd2 Bb6 39. f3 g3 40. Kd3 Rh8
41. Ne4 Rh2 42. R3a2 Rh8 43. Rb1 Bc7 44. c4 Rha8 45. Rba1 Rb8 46. Ra4 Nh6 47.
c5 Nf5 48. c6+ Ke7 49. Rh1 Rf8 50. Rh7+ Rf7 51. Rxf7+ Kxf7 52. Bd2 Nh4 53. Rb4
Nxg2 54. Rb7 Rxb7 55. cxb7 Bb8 56. Nxd6+ Kf6 57. Nb5 Nh4 58. Bb4 Nxf3 59. a7
Bxa7 60. Nxa7 g2 61. Bc5 Nd4 62. b8=Q g1=Q 63. Qf8+ 1-0

[Event "FIDE Open World Blitz 2021"]
[Site "Warsaw"]
[Date "2021.12.29"]
[Round "12.30"]
[White "Sadzikowski, Daniel"]
[Black "Kuzmicz, Krystian"]
[Result "1/2-1/2"]
[WhiteElo "2415"]
[BlackElo "2281"]
[Annotator "NA"]
[PlyCount "54"]
[EventDate "2021.12.29"]
[EventType "swiss"]
[EventCountry "POL"]
[Tiebreak "Cut1 Buchholz"]
[SourceTitle "playchess.com"]
[Source "ChessBase"]
[SourceQuality "1"]

1. Nf3 g6 2. e4 Bg7 3. d4 c6 4. c4 d5 5. cxd5 cxd5 6. e5 Bg4 7. Nbd2 Nc6 8. h3
Bxf3 9. Nxf3 Nh6 10. Be2 O-O 11. O-O f6 12. exf6 exf6 13. Qb3 Qd7 14. Bxh6 Bxh6
15. Bb5 a6 16. Bxc6 Qxc6 17. Rfe1 Rfe8 18. h4 Kg7 19. Qd3 Re4 20. g3 Rae8 21.
Kf1 Qb6 22. Qb3 Qc6 23. a4 Qd7 24. Rad1 R8e7 25. Qc2 Qd6 26. Qb3 Qd7 27. Qc2
Qd6 1/2-1/2

[Event "FIDE Open World Blitz 2021"]
[Site "Warsaw"]
[Date "2021.12.29"]
[Round "12.31"]
[White "Howell, David W L"]
[Black "Saric, Ivan"]
[Result "1/2-1/2"]
[WhiteElo "2648"]
[BlackElo "2665"]
[Annotator "ChessBase"]
[PlyCount "141"]
[EventDate "2021.12.29"]
[EventType "swiss"]
[EventCountry "POL"]
[Tiebreak "Cut1 Buchholz"]
[SourceTitle "playchess.com"]
[Source "ChessBase"]
[SourceQuality "1"]

1. Nf3 d5 2. g3 Nc6 3. d4 Bf5 4. Bg2 Nb4 5. Na3 e6 6. O-O Be7 7. c3 Nc6 8. b3
Nf6 9. Bb2 Ne4 10. Nb1 O-O 11. Nbd2 a5 12. a4 Qd7 13. Re1 Bf6 14. e3 Rfd8 15.
Nxe4 Bxe4 16. Bh3 Ne7 17. Ba3 Rac8 18. Nd2 Bg6 19. e4 dxe4 20. Nxe4 Bxe4 21.
Rxe4 c5 22. Qe2 Nd5 23. Bb2 cxd4 24. cxd4 Qd6 25. Rd1 h6 26. Rd3 Rc6 27. Bf1
Rdc8 28. Rd2 Qb4 29. Qd1 Bg5 30. Rde2 Nc3 31. Bxc3 Qxc3 32. h4 Bf6 33. R2e3 Qc1
34. Qxc1 Rxc1 35. Kg2 Rd1 36. Rd3 Rxd3 37. Bxd3 Rd8 38. h5 Bxd4 39. Bc4 Kf8 40.
Re2 Ke7 41. Rd2 e5 42. g4 b6 43. Kf3 Rd6 44. Kg3 Rf6 45. f3 Rd6 46. Rd3 g6 47.
hxg6 fxg6 48. Rd2 Kf6 49. Rh2 Be3 50. Re2 Bf4+ 51. Kg2 h5 52. gxh5 gxh5 53. Rc2
Kf5 54. Ba6 Rg6+ 55. Kf1 Rg3 56. Bb7 h4 57. Rg2 Rxg2 58. Kxg2 Bg3 59. Kh3 Kf4
60. Kg2 Ke3 61. Bc8 Kd4 62. Be6 Kc3 63. Bf7 Kd4 64. Bg8 Ke3 65. Be6 Be1 66. Bd5
Kf4 67. Be6 Bg3 68. Bd5 Be1 69. Be6 Bc3 70. Bd5 Kg5 71. Be6 1/2-1/2

[Event "FIDE Open World Blitz 2021"]
[Site "Warsaw"]
[Date "2021.12.29"]
[Round "12.31"]
[White "Lima, Darcy"]
[Black "Lopusiewicz, Piotr"]
[Result "1-0"]
[WhiteElo "2379"]
[BlackElo "2279"]
[Annotator "NA"]
[PlyCount "87"]
[EventDate "2021.12.29"]
[EventType "swiss"]
[EventCountry "POL"]
[Tiebreak "Cut1 Buchholz"]
[SourceTitle "playchess.com"]
[Source "ChessBase"]
[SourceQuality "1"]

1. d4 Nf6 2. c4 e6 3. Nf3 d5 4. g3 Bb4+ 5. Bd2 Be7 6. Qc2 O-O 7. Bg2 c6 8. O-O
Nbd7 9. b3 b6 10. Rd1 Bb7 11. Bc1 Rc8 12. Nc3 c5 13. Bb2 dxc4 14. bxc4 cxd4 15.
Rxd4 Bc5 16. Rd2 Qe7 17. Rad1 Rfd8 18. e4 Ng4 19. h3 Nxf2 20. Rxf2 Bxf2+ 21.
Qxf2 Nc5 22. Nd4 Qg5 23. Bc1 Qg6 24. Qe1 h6 25. Bf4 f6 26. Be3 Nxe4 27. Nxe6
Rxd1 28. Nxd1 Re8 29. Nf4 Qf7 30. Qb4 Nxg3 31. Nd5 Nf5 32. Bf2 Kh8 33. Qb5 Qe6
34. N1c3 Qe5 35. Qd7 Bc8 36. Qf7 Qe6 37. Qg6 Ne7 38. Qxe8+ Kh7 39. Nxe7 Bd7 40.
Qg6+ Kh8 41. Ned5 Qe5 42. Qg3 Qe8 43. Kh2 g5 44. Nxf6 1-0

[Event "FIDE Open World Blitz 2021"]
[Site "Warsaw"]
[Date "2021.12.29"]
[Round "12.32"]
[White "Sargsyan, Shant"]
[Black "Salem, A.R. Saleh"]
[Result "0-1"]
[WhiteElo "2628"]
[BlackElo "2690"]
[Annotator "ChessBase"]
[PlyCount "72"]
[EventDate "2021.12.29"]
[EventType "swiss"]
[EventCountry "POL"]
[Tiebreak "Cut1 Buchholz"]
[SourceTitle "playchess.com"]
[Source "ChessBase"]
[SourceQuality "1"]

1. d4 d5 2. c4 e6 3. Nf3 Nf6 4. Nc3 c6 5. Bg5 Nbd7 6. e3 Be7 7. Rc1 O-O 8. a3
h6 9. Bh4 a5 10. h3 Re8 11. Qc2 dxc4 12. Bxc4 b5 13. Bd3 Bb7 14. O-O Rc8 15.
Bxf6 Nxf6 16. Ne4 Nd7 17. Nc5 Nxc5 18. dxc5 b4 19. Rfd1 Qc7 20. axb4 axb4 21.
Qc4 Rb8 22. Qxb4 Ba6 23. Qc3 Bf6 24. Nd4 Bxd3 25. Qxd3 Rxb2 26. Qe4 Rc8 27. Rb1
Bxd4 28. Qxd4 Rxb1 29. Rxb1 Rd8 30. Qb4 Qe5 31. Qb6 Qd5 32. e4 Qd3 33. Rf1 Qd7
34. Ra1 Rc8 35. g3 Qd4 36. Qb7 Qxa1+ 0-1

[Event "FIDE Open World Blitz 2021"]
[Site "Warsaw"]
[Date "2021.12.29"]
[Round "12.32"]
[White "Gluszko, Tomasz"]
[Black "Carlsson, Pontus"]
[Result "0-1"]
[WhiteElo "2086"]
[BlackElo "2457"]
[Annotator "ChessBase"]
[PlyCount "127"]
[EventDate "2021.12.29"]
[EventType "swiss"]
[EventCountry "POL"]
[Tiebreak "Cut1 Buchholz"]
[SourceTitle "playchess.com"]
[Source "ChessBase"]
[SourceQuality "1"]

1. d4 Nf6 2. Bg5 e6 3. e4 h6 4. Bxf6 Qxf6 5. c3 d6 6. Bd3 g6 7. Ne2 Bg7 8. O-O
O-O 9. f4 c5 10. Nd2 cxd4 11. cxd4 Nc6 12. Nf3 Qe7 13. Rc1 e5 14. fxe5 dxe5 15.
d5 Nd4 16. Nexd4 exd4 17. Qa4 Bg4 18. Qb3 Bxf3 19. Rxf3 Be5 20. Rcf1 Kg7 21. g3
Rad8 22. Kg2 Rd6 23. Qc2 h5 24. Qf2 a6 25. Qd2 Rf6 26. Rxf6 Bxf6 27. Qf2 Be5
28. Qd2 h4 29. g4 Bd6 30. Qf2 Qe5 31. Kh1 h3 32. Qe2 Qg5 33. Qf3 Be5 34. Qe2
Rc8 35. a4 Rc1 36. Qf3 Rxf1+ 37. Bxf1 Qd2 38. Qxh3 Qxb2 39. g5 Qb1 40. Qf3 Qc2
41. Qg2 Qxa4 42. h4 Qd1 43. Qf2 d3 44. Kg2 d2 45. Be2 Qe1 46. Qf3 Qxh4 47. Qg4
Qe1 48. Bd1 b5 49. d6 Bxd6 50. Qf3 Be5 51. Qg4 a5 52. Bb3 Qe3 53. Qf3 Qxf3+ 54.
Kxf3 a4 55. Bd1 a3 56. Bb3 Bc3 57. Ke2 Kf8 58. Kd3 b4 59. Kc2 Ke7 60. Kd1 Be5
61. Kxd2 Bf4+ 62. Kd3 Bxg5 63. Kc4 Bd2 64. Ba2 0-1

[Event "FIDE Open World Blitz 2021"]
[Site "Warsaw"]
[Date "2021.12.29"]
[Round "12.33"]
[White "Harikrishna, Pentala"]
[Black "Czarnota, Pawel"]
[Result "1-0"]
[WhiteElo "2614"]
[BlackElo "2502"]
[Annotator "ChessBase"]
[PlyCount "55"]
[EventDate "2021.12.29"]
[EventType "swiss"]
[EventCountry "POL"]
[Tiebreak "Cut1 Buchholz"]
[SourceTitle "playchess.com"]
[Source "ChessBase"]
[SourceQuality "1"]

1. e4 c5 2. Nf3 d6 3. c3 Nf6 4. Be2 Nc6 5. d4 cxd4 6. cxd4 d5 7. e5 Ne4 8. O-O
Bg4 9. h3 Bh5 10. e6 fxe6 11. Nc3 Nd6 12. Re1 h6 13. Ne5 Bxe2 14. Nxe2 Nxe5 15.
dxe5 Nf7 16. Nf4 Qd7 17. Ng6 Rg8 18. Be3 Qb5 19. Rc1 Kd7 20. Rc5 Qa6 21. Qc2
Nd8 22. b4 Ke8 23. b5 Qa3 24. Rd1 Qb4 25. Rd4 Qa5 26. Rf4 a6 27. Rc7 Qa3 28.
Bc5 1-0

[Event "FIDE Open World Blitz 2021"]
[Site "Warsaw"]
[Date "2021.12.29"]
[Round "12.33"]
[White "Baum, Jonasz"]
[Black "Heberla, Bartlomiej"]
[Result "1-0"]
[WhiteElo "2157"]
[BlackElo "2373"]
[Annotator "NA"]
[PlyCount "125"]
[EventDate "2021.12.29"]
[EventType "swiss"]
[EventCountry "POL"]
[Tiebreak "Cut1 Buchholz"]
[SourceTitle "playchess.com"]
[Source "ChessBase"]
[SourceQuality "1"]

1. d4 d5 2. c4 e6 3. Nf3 Nf6 4. g3 Bb4+ 5. Nc3 O-O 6. Bg2 Ne4 7. Qb3 Nc6 8. O-O
Bxc3 9. bxc3 Na5 10. Qc2 Nxc4 11. Ne1 Ned6 12. Nd3 b6 13. f3 Ba6 14. e4 Rc8 15.
e5 Nf5 16. Qa4 Na5 17. Rd1 c5 18. Ba3 Qe8 19. Nxc5 Ne3 20. Rdc1 Bb5 21. Qb4
Nac4 22. Nb7 Qd7 23. Nd6 Nxd6 24. Qxd6 Qxd6 25. Bxd6 Rfd8 26. a4 Bd3 27. a5 b5
28. Bc5 a6 29. Ra2 Nc4 30. Bb4 f6 31. exf6 gxf6 32. Be7 Kf7 33. Bxd8 Rxd8 34.
g4 e5 35. dxe5 fxe5 36. Bf1 Bxf1 37. Rxf1 Ke6 38. Re2 Kd6 39. Rd1 Rf8 40. Kg2
Kc5 41. Kg3 Re8 42. h4 Re6 43. g5 Nxa5 44. Red2 Rd6 45. Re1 Nc4 46. Ra2 a5 47.
h5 a4 48. f4 exf4+ 49. Kxf4 d4 50. cxd4+ Rxd4+ 51. Kf5 Rd5+ 52. Kf6 Kb4 53. g6
hxg6 54. hxg6 Kb3 55. Rae2 Rd8 56. Re8 Rd2 57. R1e2 Rd1 58. Rg2 Rf1+ 59. Ke7
Ne3 60. Rg3 Re1 61. g7 Ka2 62. g8=Q+ Nd5+ 63. Kd6 1-0

[Event "FIDE Open World Blitz 2021"]
[Site "Warsaw"]
[Date "2021.12.29"]
[Round "12.34"]
[White "Matlakov, Maxim"]
[Black "Suleymanli, Aydin"]
[Result "1-0"]
[WhiteElo "2614"]
[BlackElo "2541"]
[Annotator "ChessBase"]
[PlyCount "71"]
[EventDate "2021.12.29"]
[EventType "swiss"]
[EventCountry "POL"]
[Tiebreak "Cut1 Buchholz"]
[SourceTitle "playchess.com"]
[Source "ChessBase"]
[SourceQuality "1"]

1. d4 Nf6 2. c4 e6 3. Nf3 d5 4. g3 Be7 5. Bg2 O-O 6. O-O dxc4 7. Qc2 b6 8. Nfd2
c6 9. Nxc4 Qxd4 10. Rd1 Qc5 11. b3 Qf5 12. e4 Qh5 13. Bb2 Nbd7 14. Nbd2 Ba6 15.
h3 Bc5 16. Nf3 Rac8 17. a3 Rfd8 18. b4 Bf8 19. g4 Qg6 20. Nce5 Nxe5 21. Nxe5
Qg5 22. a4 Bb7 23. a5 h5 24. a6 Ba8 25. Qe2 hxg4 26. hxg4 Bxb4 27. Nd3 Be7 28.
Ne5 Bb4 29. Nd3 Be7 30. Bf3 c5 31. Bc1 Qg6 32. Ne5 Qh7 33. Rxd8+ Rxd8 34. Bg5
Rd4 35. Kg2 Bxe4 36. Rg1 1-0

[Event "FIDE Open World Blitz 2021"]
[Site "Warsaw"]
[Date "2021.12.29"]
[Round "12.34"]
[White "Blanco Acevedo, Cristobal Jose"]
[Black "Tologontegin, Semetey"]
[Result "0-1"]
[WhiteElo "2350"]
[BlackElo "2224"]
[Annotator "NA"]
[PlyCount "56"]
[EventDate "2021.12.29"]
[EventType "swiss"]
[EventCountry "POL"]
[Tiebreak "Cut1 Buchholz"]
[SourceTitle "playchess.com"]
[Source "ChessBase"]
[SourceQuality "1"]

1. e4 g6 2. d4 Bg7 3. f4 c6 4. Be3 d5 5. e5 Nh6 6. h3 O-O 7. Nf3 Qb6 8. b3 f6
9. Qd2 Bf5 10. Nc3 Be4 11. Nxe4 dxe4 12. Bc4+ Kh8 13. Nh4 Nd7 14. O-O Rad8 15.
Qe2 Qc7 16. a4 Nb6 17. Be6 Nd5 18. c4 Nxe3 19. Qxe3 c5 20. Qxe4 Rxd4 21. Qe2
fxe5 22. Nf3 Rdxf4 23. Ng5 e4 24. Bd5 Bd4+ 25. Kh1 Bxa1 26. Rxa1 Qe5 27. Re1
Qxg5 28. Qe3 Rf1+ 0-1

[Event "FIDE Open World Blitz 2021"]
[Site "Warsaw"]
[Date "2021.12.29"]
[Round "12.35"]
[White "Vokhidov, Shamsiddin"]
[Black "Murzin, Volodar"]
[Result "1/2-1/2"]
[WhiteElo "2613"]
[BlackElo "2519"]
[Annotator "ChessBase"]
[PlyCount "42"]
[EventDate "2021.12.29"]
[EventType "swiss"]
[EventCountry "POL"]
[Tiebreak "Cut1 Buchholz"]
[SourceTitle "playchess.com"]
[Source "ChessBase"]
[SourceQuality "1"]

1. e4 c6 2. d4 d5 3. e5 Bf5 4. h4 h5 5. c4 e6 6. Nc3 dxc4 7. Bxc4 Nd7 8. Nge2
Be7 9. Be3 Nh6 10. Nf4 Ng4 11. g3 Nb6 12. Bd3 Bxd3 13. Qxd3 g6 14. O-O-O Kf8
15. Kb1 Kg7 16. Qe2 Rc8 17. Bc1 Nh6 18. Nh3 Nd5 19. Ne4 Nf5 20. Bg5 Bxg5 21.
Nhxg5 Qb6 1/2-1/2

[Event "FIDE Open World Blitz 2021"]
[Site "Warsaw"]
[Date "2021.12.29"]
[Round "12.35"]
[White "Masternak, Grzegorz"]
[Black "Wieczorek, Oskar"]
[Result "0-1"]
[WhiteElo "2188"]
[BlackElo "2258"]
[Annotator "NA"]
[PlyCount "86"]
[EventDate "2021.12.29"]
[EventType "swiss"]
[EventCountry "POL"]
[Tiebreak "Cut1 Buchholz"]
[SourceTitle "playchess.com"]
[Source "ChessBase"]
[SourceQuality "1"]

1. e4 c5 2. Nc3 Nc6 3. g3 g6 4. Bg2 Bg7 5. d3 d6 6. Be3 Rb8 7. Qd2 b5 8. Nge2
b4 9. Nd1 h5 10. h3 Bd7 11. O-O Qc8 12. Kh2 Nf6 13. f4 a5 14. Ng1 Ng4+ 15. Kh1
h4 16. gxh4 Nxe3 17. Qxe3 Rxh4 18. Qg3 Rh8 19. Rb1 Nd4 20. Rf2 Bf6 21. Qe3 Ne6
22. Qf3 Bd4 23. Rd2 Ng7 24. Nf2 Nh5 25. e5 dxe5 26. Ne4 Nxf4 27. Rf1 f6 28. c3
Bxg1 29. Kxg1 Nxh3+ 30. Bxh3 Rxh3 31. Qg2 Be6 32. Qxg6+ Kd7 33. d4 cxd4 34.
cxd4 Qg8 35. dxe5+ Kc6 36. Qxg8 Rxg8+ 37. Kf2 Rh2+ 38. Ke1 Rh4 39. Ng3 Rxg3 40.
exf6 exf6 41. Rxf6 Re3+ 42. Kf2 Re5 43. Re2 Rh2+ 0-1

[Event "FIDE Open World Blitz 2021"]
[Site "Warsaw"]
[Date "2021.12.29"]
[Round "12.36"]
[White "Michalik, Peter"]
[Black "Peng, Li Min"]
[Result "1-0"]
[WhiteElo "2605"]
[BlackElo "2412"]
[Annotator "ChessBase"]
[PlyCount "79"]
[EventDate "2021.12.29"]
[EventType "swiss"]
[EventCountry "POL"]
[Tiebreak "Cut1 Buchholz"]
[SourceTitle "playchess.com"]
[Source "ChessBase"]
[SourceQuality "1"]

1. e4 Nc6 2. Nf3 d6 3. d4 Nf6 4. Nc3 g6 5. Be2 Bg7 6. O-O O-O 7. h3 a6 8. a4 e5
9. dxe5 dxe5 10. Be3 Qe7 11. Nd5 Nxd5 12. exd5 Rd8 13. c4 e4 14. Nd2 Nd4 15.
Nb3 Nxe2+ 16. Qxe2 b6 17. Rfd1 a5 18. Bd4 Ba6 19. Qc2 Re8 20. Qc3 Bxd4 21. Nxd4
e3 22. fxe3 Qxe3+ 23. Qxe3 Rxe3 24. Rac1 Rae8 25. c5 Bb7 26. Nb5 bxc5 27. Nxc7
Rd8 28. Rxc5 Re2 29. Rb5 Bc8 30. Rxa5 Rxb2 31. Ra8 Rc2 32. Nb5 Kg7 33. Na7 Rc7
34. d6 Rc4 35. Rxc8 Rcxc8 36. Nxc8 Rxc8 37. d7 Rd8 38. a5 Kf6 39. a6 Ke7 40. a7
1-0